000161551 001__ 161551
000161551 005__ 20250613111200.0
000161551 037__ $$aTAZ-TFG-2018-4922
000161551 041__ $$aspa
000161551 1001_ $$aGómez Estaún, Luis Alfonso
000161551 24200 $$aSexual roles BDSM and quality in couple's relationship
000161551 24500 $$aRoles sexuales BDSM y calidad en la relación de pareja
000161551 260__ $$aZaragoza$$bUniversidad de Zaragoza$$c2018
000161551 506__ $$aby-nc-sa$$bCreative Commons$$c3.0$$uhttp://creativecommons.org/licenses/by-nc-sa/3.0/
000161551 520__ $$aEl objetivo principal de esta propuesta de estudio es el de describir la relación entre determinados roles sexuales y la calidad (satisfacción) con la pareja. A lo largo de la historia ha existido la creencia de que las personas que mantienen prácticas BDSM sufrían trastornos o relaciones no saludables. Sin embargo, algunos enfoques de terapia de pareja y estudios, han mostrado de forma positiva el uso del juego y el humor para resolver desacuerdos y crear vínculos más íntimos de pareja, además de crear experiencias positivas compartidas. El actual estudio se llevará a cabo en parejas adultas con prácticas BDSM, sin rango de edad. Se les pasará en línea una encuesta formada por diferentes variables demográficas (sexo, edad, orientación sexual, formación académica, nivel socioeconómico), roles sexuales clásicos en la práctica BDSM y la Escala Revisada de Satisfacción Conyugal (RDAS) incluida. El objetivo que nos ocupa es analizar la calidad de las relaciones de pareja BDSM. Se espera encontrar que no existen diferencias significativas entre diferentes grupos de roles sexuales y con niveles similares de calidad en la pareja.<br />
000161551 521__ $$aGraduado en Psicología
000161551 540__ $$aDerechos regulados por licencia Creative Commons
000161551 700__ $$aMartínez Molina, Agustín$$edir.
000161551 7102_ $$aUniversidad de Zaragoza$$bPsicología y Sociología$$cMetod. de las Ciencias del Comportamiento
000161551 8560_ $$f666533@celes.unizar.es
000161551 8564_ $$s812858$$uhttps://zaguan.unizar.es/record/161551/files/TAZ-TFG-2018-4922.pdf$$yMemoria (spa)
000161551 909CO $$ooai:zaguan.unizar.es:161551$$pdriver$$ptrabajos-fin-grado
000161551 950__ $$a
000161551 951__ $$adeposita:2025-06-13
000161551 980__ $$aTAZ$$bTFG$$cFCSH
000161551 999__ $$a20181214090931.CREATION_DATE